000
00263nam a2200097Ia 4500
001
998133
005
20250826221537.0
008
250824s9999 xx 000 0 und d
245
0
_a
DAHİLER SINIFI/NİKOLA TESLA/N5
_c
DANİELE ARİSTARCO
260
_b
DOMİNGO YAYINLARI
999
_c
998133
_d
998133